Nazwij pasujący powiat - wersja losowa - Statystyki

Ogólne statystyki
  • Ten quiz został rozwiązany 1 848 razy
    1 527 od ostatniego zresetowania
  • Średni wynik to 9 z 17
Statystyki odpowiedzi
Nazwij pasujący powiat... # Powiat % Poprawnych
Zaczynający się na literę P 32 pabianicki | pajęczański | parczewski | piaseczyński | Piekary Śląskie | pińczowski | piotrkowski | Piotrków Trybunalski | pilski | pleszewski | Płock | płocki | płoński | poddębicki | policki | polkowicki | Poznań | poznański | proszowicki | prudnicki | pruszkowski | przasnyski | przemyski | Przemyśl | przeworski | przysuski | pszczyński | pucki | puławski | pułtuski | pyrzycki
94%
Zaczynający się na literę E 3 Elbląg | elbląski | ełcki
93%
Zaczynający się na literę W 28 wadowicki | Wałbrzych | wałbrzyski | wałecki | Warszawa | warszawski zachodni | wąbrzeski | wągrowiecki | wejherowski | węgorzewski | węgrowski | wielicki | wieluński | wieruszowski | Włocławek | włocławski | włodawski | włoszczowski | wodzisławski | wolsztyński | wołomiński | wołowski | Wrocław | wrocławski | wrzesiński | wschowski | wysokomazowiecki | wyszkowski
93%
Leżący nad Zatoką Gdańską 7 Gdynia | Sopot | Gdańsk | nowodworski | elbląski | pucki | wejherowski
92%
Zaczynający się na literę L 20 legionowski | Legnica | legnicki | leski | leszczyński | Leszno | leżajski | lęborski | lidzbarski | limanowski | lipnowski | lipski | lubaczowski | lubański | lubartowski | lubelski | lubiński | Lublin | lubliniecki | lwówecki
92%
Zaczynający się na literę O 22 olecki | obornicki | oleski | oleśnicki | olkuski | Olsztyn | olsztyński | oławski | opoczyński | opatowski | Opole | opolski | ostrołęcki | Ostrołęka | ostrowiecki | ostrowski | ostrzeszowski | ostródzki | oświęcimski | otwocki
92%
Zaczynający się na literę S 42 sandomierski | sanocki | sejneński | sępoleński | Siedlce | siedlecki | Siemianowice Śląskie | siemiatycki | sieradzki | sierpecki | skarżyski | Skierniewice | skierniewicki | sławieński | słubicki | słupecki | Słupsk | słupski | sochaczewski | sokołowski | sokólski | Sopot | Sosnowiec | stalowowolski | starachowicki | stargardzki | starogardzki | staszowski | strzelecki | strzelecko-drezdenecki | strzeliński | strzyżowski | sulęciński | suski | suwalski | Suwałki | szamotulski | Szczecin | szczecinecki | szczycieński | sztumski | szydłowski
92%
Zaczynający się na literę K 35 kaliski | Kalisz | kamiennogórski | kamieński | karkonoski | kartuski | Katowice | kazimierski | kędzierzyńsko-kozielski | kępiński | kętrzyński | Kielce | kielecki | kluczborski | kłobucki | kłodzki | kolbuszowski | kolneński | kolski | kołobrzeski | koniński | Koszalin | koszaliński | kościański | kościerski | kozienicki | krakowski | Kraków | krapkowicki | krasnostawski | kraśnicki | Krosno | krośnieński | krotoszyński | kutnowski | kwidzyński
91%
Zaczynający się na literę R 16 raciborski | Radom | Radomski | radomszczański | radziejowski | radzyński | rawicki | rawski | ropczycko-sędziszowski | Ruda Śląska | rybnicki | Rybnik | rycki | rypiński | rzeszowski | Rzeszów
91%
Leżący w województwie podkarpackim, posiadający lotnisko międzynarodowe 1 rzeszowski
91%
Posiadający były obóz koncentracyjny 6 Chełm | Lublin | oświęcimski | ostrowski | włodawski | tomaszowski
90%
Będący miejscem urodzenia Mikołaja Kopernika 1 Toruń
90%
Zaczynający się na literę T 16 Tarnobrzeg | tarnobrzeski | tarnogórski | tarnowski | Tarnów | tatrzański | tczewski | tomaszowski | tomaszowski | Toruń | toruński | trzebnicki | tucholski | turecki | Tychy | tomaszowski
89%
Posiadający Twierdzę Kłodzko 1 kłodzki
88%
Zaczynający się na literę B 26 bartoszycki | bełchatowski | będziński | bialski | Biała Podlaska | białobrzeski | białogradzki | białostocki | Białystok | bielski | bieruńsko-lędziński | bieszczadzki | biłgorajski | bocheński | bolesławski | braniewski | brodnicki | brzeski | brzeziński | brzozowski | buski | bydgoski | Bydgoszcz | Bytom | bytowski
87%
Będący miejscem urodzenia papieża 1 wadowicki
87%
Graniczący ze stolicą państwa 7 wołomiński | miński | otwocki | piaseczyński | pruszkowski | warszawski zachodni | legionowski
87%
Zaczynający się na literę C 14 Chełm | chełmiński | chełmski | chodzieski | chojnicki | Chorzów | choszczeński | chrzanowski | ciechanowski | cieszyński | czarnkowsko-trzcianecki | Częstochowa | częstochowski | człuchowski
86%
Zaczynający się na literę G 27 garwoliński | Gdańsk | gdański | Gdynia | giżycki | Gliwice | gliwicki | głogowski | głubczycki | gnieźnieński | goleniowski | golubsko-dobrzyński | gołdapski | gorlicki | gorzowski | Gorzów Wielkopolski | gostyniński | gostyński | górowski | grajewski | grodziski | grójecki | Grudziądz | grudziądzki | gryficki | gryfiński
86%
Posiadający miasto będące pierwszą stolicą Polski 1 gnieźnieński
86%
Posiadający co najmniej jeden klub występujący w piłkarskiej Ekstraklasie w sezonie 24/25 18 wielicki | mielecki | lubiński | Gdańsk | Szczecin | Wrocław | Katowice | Zabrze |Gliwice | Kraków | Lublin | Kielce | Warszawa | Białystok | Radom | Łódź | Częstochowa | Poznań
86%
Posiadający co najmniej jeden klub występujący w piłkarskiej I lidze w sezonie 24/25 18 Gdynia | łęczyński | Opole | Płock | Legnica | Tychy | Kraków | Rzeszów |głogowski | pruszkowski | tarnowski | Warszawa | Poznań | Chorzów | Łódź | Siedlce | kołobrzeski | stalowowolski
85%
Zaczynający się na literę Ł 12 łańcucki | łaski | łęczycki | łęczyński | łobeski | Łomża | łomżyński | łosicki | łowicki | łódzki wschodni | Łódź | łukowski
85%
Posiadający zamek w Malborku 1 malborski
85%
Leżący nad Zatoką Pucką 3 pucki | wejherowski | Gdynia
85%
Posiadający stadion na którym rozgrywane było Euro 2012 4 Warszawa | Poznań | Wrocław | Gdańsk
85%
Zaczynający się na literę A 2 aleksandrowski | augustowski
84%
Posiadający miasto na literę H 4 hajnowski | pucki | miński | hrubieszowski
84%
Zaczynający się na literę J 9 janowski | jarociński | jarosławski | jasielski | Jastrzębie-Zdrój | jaworski | Jaworzno | Jelenia Góra | jędrzejowski
84%
Zaczynający się na literę Z 14 Zabrze | zambrowski | zamojski | Zamość | zawierciański | ząbkowicki | zduńskowolski | zgierski | zgorzelecki | Zielona Góra | zielonogórski | złotoryjski | złotowski | zwoleński
84%
Zaczynający się na literę M 17 makowski | malborski | miechowski | mielecki | międzychodzki | międzyrzecki | mikołowski | milicki | miński | mławski | mogileński | moniecki | mrągowski | Mysłowice | myszkowski | myślenicki | myśliborski
83%
Będący powiatem grodzkim w województwie pomorskim 4 Gdańsk | Sopot | Słupsk | Gdynia
82%
Leżący na terenie Tatrzańskiego Parku Narodowego 1 tatrzański
81%
Leżący w województwie zachodniopomorskim nie graniczący ani z morzem, ani województwem 9 gryfiński | pyrzycki | Szczecin | Koszalin | drawski | stargardzki | świdwiński | łobeski | białogardzki
80%
Graniczący z powiatem koszalińskim (nie uwzględniając Koszalina) 5 kołobrzeski | białogradzki | szczecinecki | sławieński | słupski
80%
W którym znajduje się Morskie Oko 1 tatrzański
80%
Graniczący ze Słowacją 13 żywiecki | oświęcimski | wadowicki | suski | nowotarski | nowosądecki | gorlicki | jasielski | krośnieński | sanocki | leski | bieszczadzki | tatrzański
80%
Będący powiatem grodzkim w województwie Śląskim 19 Bielsko-Biała | Bytom | Chorzów | Częstochowa | Dąbrowa Górnicza | Gliwice | Jastrzębie-Zdrój | Jaworzno | Katowice | Mysłowice | Piekary Śląskie | Ruda Śląska | Rybnik | Siemianowice Śląskie | Sosnowiec | Świętochłowice | Tychy | Zabrze | Żory
79%
Nazywający się od pasma górskiego 3 bieszczadzki | tatrzański | karkonoski
79%
Leżący w województwie opolskim, nie graniczący z innym państwem bądź województwem 3 krapkowicki | Opole | opolski
79%
Zaczynający się na literę N 12 nakielski | namysłowski | nidzicki | niżański | nowodworski | nowosądecki | nowosolski | nowotarski | nowotomyski | Nowy Sącz | niski
79%
Posiadający klub, który wygrał co najmniej 13 razy piłkarską Ekstraklasę (do sezonu 08/09 nazywana była I ligą) 4 Warszawa | Chorzów | Kraków | Zabrze
79%
Będący powiatem grodzkim w województwie lubelskim 4 Chełm | Zamość | Lublin | Biała Podlaska
78%
Posiadający miasto na literę E 2 ełcki | Elbląg
78%
Będący powiatem grodzkim w województwie lubuskim 2 Gorzów Wielkopolski | Zielona Góra
78%
Będący powiatem grodzkim w województwie kujawsko-pomorskim 4 Grudziądz | Toruń | Bydgoszcz | Włocławek
78%
Będący powiatem grodzkim w województwie Dolnośląskim 4 Legnica | Wałbrzych | Wrocław | Jelenia Góra
77%
Graniczący z Czechami 18 zgorzelecki | karkonoski | Jelenia Góra | lwówecki | lubański | kamiennogórski | wałbrzyski | kłodzki | ząbkowicki | nyski | prudnicki | głubczycki | kędzierzyńsko-kozielski | raciborski | wodzisławski | Jastrzębie-Zdrój | cieszyński | żywiecki
77%
Graniczący z Niemcami 10 zgorzelecki | żarski | krośnieński | słubicki | sulęciński | gorzowski | myśliborski | gryfiński | policki | Świnoujście
77%
Będący powiatem grodzkim w województwie małopolskim 3 Nowy Sącz | Tarnów | Kraków
76%
Będący powiatem, w którym leżą Rysy 1 tatrzański
76%
Graniczący z Ukrainą 9 bieszczadzki | przemyski | jarosławski | lubaczowski | tomaszowski | hrubieszowski | chełmski | włodawski | bialski
75%
Zaczynający się na literę D 6 Dąbrowa Górnicza | dąbrowski | dębicki | drawski | działdowski | dzierżoniowski
75%
Zaczynający się na literę I 2 iławski | inowrocławski
75%
Zaczynający się na literę Ż 7 żagański | żarski | żniński | Żory | żuromski | żyradowski | żywiecki
75%
Graniczący z Białorusią 7 bialski | siematycki | hajnowski | białostocki | sokólski | augustowski | sejneński
74%
Leżący w województwie opolskim, graniczący z innym państwem 3 głubczycki | nyski | prudnicki
74%
Będący miejscem urodzenia prezydenta III RP, będący miastem na prawach powiatu 2 Kraków | Warszawa
74%
Posiadający miasto Władysławowo 1 pucki
74%
Graniczący z Litwą 3 sejneński | suwalski | gołdapski
74%
Posiadający miasto na literę A 5 augustowski | zgierski | wadowicki | aleksandrowski | chrzanowski
73%
Kończący się na "-dzki" 11 białogardzki | bieszczadzki | grudziądzki | kłodzki | międzychodzki | ostródzki | sieradzki | stargardzki | starogardzki | średzki
73%
Zaczynający się na literę H 2 hrubieszowski | hajnowski
73%
Będący powiatem grodzkim w województwie podlaskim 3 Łomża | Suwałki | Białystok
73%
Będący powiatem grodzkim w województwie warmińsko-mazurskim 2 Olsztyn | Elbląg
73%
Będący powiatem grodzkim w województwie zachodniopomorskim 3 Szczecin | Świnoujście | Koszalin
73%
Leżący na terenie Świętokrzyskiego Parku Narodoweho 2 kielecki | starachowicki
71%
Będący powiatem grodzkim w województwie podkarpackim 4 Krosno | Przemyśl | Rzeszów | Tarnobrzeg
71%
Posiadający miasto Hel 1 Pucki
71%
Leżący na wyspie Uznam 1 Świnoujście
71%
Posiadający litery C oraz T w swoich tablicach rejestracyjnych 4 Toruń | toruński | tucholski | tczewski
71%
Będący jednym z dwóch największych powiatów w województwie śląskim 2 żywiecki | częstochowski
71%
Posiadający co najmniej jeden klub występujący w piłkarskiej II lidze wsezonie 24/25 17 Kalisz | chojnicki | Bytom | kartuski | Kraków | lubiński | Łódź | Jastrzębie-Zdrój |puławski | Elbląg | Grudziądz | Częstochowa | Rzeszów | Bielsko-Biala | Sosnowiec | grodziski | Szczecin
70%
Będący powiatem grodzkim w województwie wielkopolskim 4 Kalisz | Leszno | Poznań | Konin
70%
Będący powiatem grodzkim w województwie świętokrzyskim 1 Kielce
70%
Graniczący z Zalewem Szczecińskim 4 policki | kamieński | goleniowski | Świnoujście
70%
Posiadający większą gęstość zaludnienia niż 3000 osób/km² 3 Świętochłowice | Warszawa | Chorzów
70%
Leżący na wyspie Wolin 2 Świnoujście | kamieński
70%
Będący powiatem grodzkim w województwie mazowieckim 5 Warszawa | Radom | Ostrołęka | Siedlce | Płock
70%
Posiadający kopalnie Soli na liście światowego dziedzictwa UNESCO 2 wielicki | bocheński
70%
Leżący na terenach byłego Wolnego Miasta Gdańsk (wyłączającsam Gdańsk i powiat gdański) 4 nowodworski | malborski | Sopot | tczewski
69%
Graniczący z dwoma państwami 5 cieszyński | gołdapski | zgorzelecki | bieszczadzki | włodawski
67%
Graniczący z powiatem limanowskim 5 nowotarski | nowosądecki | brzeski | bocheński | myślenicki
67%
Leżący na Mierzei Helskiej 1 pucki
67%
Będący powiatem grodzkim w województwie łódzkim 3 Skierniewice | Piotrków Trybunalski | Łódź
67%
Posiadający tablice rejestracyjną ZS 1 Szczecin
67%
Leżący na terenach byłego Wolnego Miasta Kraków (wyłączając sam Kraków) 1 krakowski
66%
Leżący na dwóch głównych polskich wyspach 1 Świnoujście
66%
Posiadający większą gęstość zaludnienia niż 2500 osób/km² 5 Świętochłowice | Chorzów | Warszawa | Białystok | Siemianowice Śląskie
65%
Leżący na terenie Białowieskiego Parku Narodowego 2 białostocki | hajnowski
64%
Posiadający litery E oraz W w swoich tablicach rejestracyjnych 7 wieluński | wieruszowski | rawski | łódzki wschodni | węgrowski | sierpecki | Warszawa
64%
Graniczący z Rosją 6 braniewski | bartoszycki | kętrzyński | węgorzewski | gołdapski | nowodworski
63%
Leżący na terenie Wielkopolskiego Parku Narodowego 3 poznański | nowotomyski | obornicki
63%
Dzielący swoją nazwę z jakimkolwiek innym powiatem 10 bielski | brzeski | grodziski | krośnieński | nowodworski | opolski | ostrowski | średzki | świdnicki | tomaszowski
62%
Graniczący z powiatem zamojskim (nie uwzględniając Zamościa) 5 biłgorajski | tomaszowski | hrubieszowski | chełmski | krasnostawski
62%
Leżący na terenie Karkonoskiego Parku Narodowego 2 karkonoski | Jelenia Góra
62%
Będący powiatem grodzkim w województwie opolskim 1 Opole
61%
Posiadający kopalnie węgla kamiennego,której właścicielem jest Polska Grupa Górnicza 8 wodzisławski | rybnicki | Ruda Śląska | bierunsko-lędziński | Gliwice |mikołowski | Mysłowice | Katowice
61%
Graniczący z powiatem sanockim 4 krośnieński | brzozowski | przemyski | leski
60%
Posiadający najbardziej na południe wysunięty punkt w Polsce 1 bieszczadzki
59%
Leżący na terenie Bieszczadzkiego Parku Narodowego 2 bieszczadzki | leski
59%
Leżący nad Pojezierzem Myśliborskim w województwie zachodniopomorskim 3 myśliborski | stargardzki | pyrzycki
59%
Leżący na terenie Kampinoskiego Parku Narodowego 4 Warszawa | warszawski zachodni | sochaczewski | nowodworski
59%
Posiadający miasto, w której swoją siedzibę posiada KGHM Polska Miedź 1 lubiński
58%
Posiadający najbardziej na północ wysunięty punkt w Polsce 1 pucki
58%
Leżący na jakiejkolwiek mierzei 3 pucki | nowodworski | lęborski
58%
Posiadający co najmniej jedną gminę z kaszubskimjako język pomocniczy 5 wejherowski | bytowski | kościerski | kartuski | pucki
58%
Graniczący z powiatem rybnickim (nie uwzględniając Rybnika) 6 wodzisławski | Jastrzębie-Zdrój | Żory | mikołowski | gliwicki | raciborski
58%
Posiadający co najmniej jedną gminę z białoruskim jako język pomocniczy 2 hajnowski | bielski
56%
Posiadający kopalnie węgla kamiennego, której wlascicielem jestJastrzębska Spółka Węglowa (JSWSA) 4 Jastrzębie-Zdrój | pszczyński | mikołowski | Knurów
56%
Posiadający klub, który wygrał co najmniej jednokrotnie siatkarską PlusLige(do sezonu 07/08 nazywała się Polska Liga Siatkówki) 4 bełchatowski | Jastrzębie-Zdrój | Rzeszów | kędzierzyńsko-kozielski
55%
W którym znajduje się jezioro Łebsko 2 słupski | lęborski
55%
Będący powiatem, w którym leży Śnieżka 1 karkonoski
54%
Leżący na terenie Wigierskiego Parku Narodowego 3 sejneński | suwalski | augustowski
52%
Posiadający kierunek geograficzny w swojej nazwie 2 warszawski zachodni | łódzki wschodni
52%
Zgadywany najczęściej przez użytkowników w quizie "Wszystkie powiaty wPolsce na mapie" 1 Gdańsk
51%
Leżący na terenie Wolińskiego Parku Narodowego 2 kamieński | Świnoujście
51%
Leżący w województwie pomorskim, który nie graniczy z morzem ani województwem 4 kościerski | kartuski | gdański | Słupsk
51%
Posiadający literę W oraz Z w swoich tablicach rejestracyjnych 6 wałecki | Świnoujście | zwoleński | żyrardowski | żuromiński | warszawski zachodni
51%
Graniczący z powiatem ciechanowskim 5 płoński | mławski | przasnyski | makowski | pułtuski
50%
Nazywający się od 2 największych miast powiatu 4 strzelecko-drezdenecki | ropczycko-sędziszowski | czarnkowsko-trzcianecki | bieruńsko-lędziński
50%
Będący miastem na prawach powiatu, graniczący z Czechami 2 Jastrzębie-Zdrój | Jelenia Góra
49%
Leżący na granicy województwa wielkopolskiego oraz opolskiego 3 kępiński | kluczborski | namysłowski
49%
Posiadający kopalnie węgla kamiennego,której właścicielem jest Lubelski Węgiel „Bogdanka” 1 łęczyński
49%
Posiadający Energylandie 1 oświęcimski
49%
Będący powiatem którego siedziba to Nowe Miasto Lubawskie 1 nowomiejski
48%
Posiadający kopalnie Turów 1 zgorzelecki
48%
Graniczący z Tarnobrzegiem (nie uwzględniając powiatu tarnobrzeskiego) 1 sandomierski
47%
Graniczący z Jastrzębiem-Zdrojem 5 wodzisławski | rybnicki | Żory | pszczyński | cieszyński
47%
Zamieszkujący więcej niż 250 tysięcy mieszkańców, nie będący miastem na prawach powiatu 3 wołomiński | krakowski | poznański
47%
Posiadający najbardziej na wschód wysunięty punkt w Polsce 1 hrubieszowski
46%
W którym znajduje się Szklarska Poręba 1 karkonoski
46%
Znajdujący się w nim jezioro Śniardwy 2 mrągowski | piski
46%
Leżący w województwie świętokrzyskim, posiadający najwięcej mieszkań oddanych do użytku na 1000 mieszkańców, nie będący miastem na prawach powiatu 1 kielecki
45%
Posiadający siedemnaście bądź więcej gmin 4 kielecki | bialski | poznański | krakowski
45%
Posiadający miasto Końskie 1 konecki
45%
Leżący na terenie Słowińskiego Parku Narodowego 1 słupski
45%
Posiadający co najmniej jeden klub w piłkarskiej Ekstraklasie w sezonie 24/25nie będący miastem na prawach powiatu 3 wielicki | mielecki | lubiński
45%
Zamieszkujący mniej niż 25 tysięcy ludzi 3 bieszczadzki | sejneński | węgorzewski
44%
Graniczący z powiatem myszkowskim 5 lubliniecki | tarnogórski | częstochowski | zawierciański | będziński
44%
Zamieszkujący więcej niż 200 tysięcy mieszkańców, nie będący miastem na prawach powiatu 7 tarnowski | krakowski | nowosądecki | wejherowski | kielecki |wołomiński | poznański
44%
Bedący ostatnim miastem na prawach powiatu alfabetycznie 1 Żory
44%
Leżący na Mierzei Wiślanej 1 nowodworski
42%
Graniczący z powiatem kolskim 7 turecki | koniński | radziejowski | włocławski | kutnowski | łęczycki | poddębicki
42%
Posiadający miasto Wisła 1 cieszyński
40%
Leżący na terenie Parku Narodowego Gór Stołowych 1 kłodzki
40%
Leżący na terenie Ojcowskiego Parku Narodowego 1 krakowski
39%
Będący jednym z dwóch najludniejszych powiatów ziemskich wwojewództwie lubuskim 2 nowosolski | żarski
39%
Leżący na terenie Roztoczańskiego Parku Narodowego 2 zamojski | hrubieszowski
39%
Leżący na Mierzei Łebskiej 1 lęborski
38%
Posiadający co najmniej jedną gminę z litewskim jako język pomocniczy 1 sejneński
38%
Będący miejscem urodzenia Mistrzów Świata w siatkówce mężczyzn w 2018r. 13 żyradowski | świecki | Wałbrzych | Olsztyn | lęborski | milicki | Ostrołęka | wałecki | jaworski | giżycki | Łódź | Płock | częstochowski
38%
Posiadający tablice rejestracyjne OGL 1 głubczycki
37%
Posiadający co najmniej jeden klub występujący w piłkarskiej I lidze w sezonie 24/25 nie będący miastem na prawach powiatu 6 łęczyński | głogowski | pruszkowski | tarnowski | kołobrzeski | stalowowolski
37%
Posiadający co najmniej jedną gminę z niemieckimjako język pomocniczy 7 prudnicki | kędzierzynsko-kozielski | opolski | oleski | strzelecki |kluczborski | krapkowicki
37%
Posiadający kopalnie złota 2 złotoryjski | ząbkowicki
37%
Leżący na terenie Parku Narodowego "Bory Tucholskie" 1 chojnicki
36%
Graniczący z powiatem grajewskim 5 kolneński | łomżyński | moniecki | augustowski | ełcki
36%
Przez który przepływa rzeka Bóbr 8 krośnieński | zielonogórski | żagański | bolesławiecki | lwówecki | karkonoski | kamiennogórski | Jelenia Góra
36%
Posiadający plaże w Stegnie 1 nowodworski
36%
Posiadający mniejszą powierzchnię niż 20km² 2 Sopot | Świętochłowice
36%
Graniczący z powiatem włodawskim 4 chełmski | łęczyński | parczewski | bialski
35%
Zamieszkujący mniej niż 30 tysięcy ludzi 5 leski | gołdapski | bieszczadzki | sejneński | węgorzewski
35%
W którym znajduje się jezioro Jeziorak 1 iławski
34%
Leżący na terenie Pienińskiego Parku Narodowego 2 nowotarski | tatrzański
34%
Będący powiatem, przez które przebiega autostrada A6 4 policki | gryfiński | goleniowski | Szczecin
34%
Będący ostatnim alfabetycznie (wyłączając człon "powiat") 1 żywiecki
34%
Posiadający klub, który nigdy nie wygrał siatkarskiej Plus Ligi (do sezonu 07/08 nazywała się Polska Liga Siatkówki) ale zdobyli co najmniej dwa inne medale 5 Częstochowa | Olsztyn | Warszawa | Gdańsk | zawierciański
33%
Leżący na terenie Gorczańskiego Parku Narodowego 2 limanowski | nowotarski
33%
Będący pomiędzy Zabrzem i Zamościem w kolejności alfabetycznej (nie uwzględniając członu "powiat") 2 zamojski | zambrowski
33%
Posiadający miasto na literę F 2 braniewski | biłgorajski
32%
W którym znajduje się jezioro Dąbie 1 goleniowski | Szczecin
32%
Posiadający miasto, które w 2024r. zdobyło prawa miejskie 30 opoczyński | przemyski | lipnowski | staszowski | wieruszowski | żarski | lipski |radzyński | miński | żniński | przysuski | kozieniński | konecki | łęczycki | tomaszowski | przeworski | łowicki | garwoliński | garwoliński | wągrowiecki | przysuski | otwocki | wieluński | zgierski | bialski | częstochowski | radomski | kępiński | krapkowicki | biłgorajski
32%
Leżący w województwie wielkopolskim, posiadający najmniejszą stopę bezrobocia rejestrowanego, nie będący miastem na prawach powiatu 1 poznański
32%
Leżący na terenie Magurskiego Parku Narodowego 3 sanocki | gorlicki | jasielski
32%
Leżący na terenie planowanego Jurajskiego Parku Narodowego 2 częstochowski | zawierciański
31%
Posiadający klub, który wygrał najwięcej razy piłkarska I ligę (od sezonu 08/09) 2 Legnica | Łódź
31%
Będący współczesnym powiatem w którym w którym w lipcu 1410r. odbyła się słynna wojna 1 ostródzki
31%
Leżący na terenie Drawieńskiego Parku Narodowego 4 strzelecko-drezdenecki | choszczeński | wałecki | czarnkowsko-trzcianecki
31%
Posiadający co najmniej jeden klub występujący w piłkarskiej II lidze wsezonie 24/25 nie będący miastem na prawach powiatu 5 chojnicki | kartuski | lubiński | puławski | grodziski
30%
Leżący na terenie Biebrzańskiego Parku Narodowego 3 sokólski | moniecki | grajewski
30%
W którym znajduje się jezioro Mamry 1 węgorzewski
30%
Leżący na terenie Parku Narodowego "Ujście Warty" 3 gorzowski | sulęciński | słubicki
29%
Posiadający większą powierzchnię niż 2890km² 1 białostocki
27%
Zamieszkujący mniej niż 20 tysięcy ludzi 1 sejneński
27%
Leżący na terenie Babiogórskiego Parku Narodowego 2 suski | nowotarski
27%
Będący największym w Polsce pod względem powierzchni 1 białostocki
26%
Będący miejscem śmierci Mikołaja Kopernika 1 braniewski
26%
Leżący w województwie świętokrzyskim, posiadający najmniej mieszkań oddanych do użytku na 1000 mieszkańców (dwa powiaty mają remis, więc wystarczy żebyś wpisał/a jeden z nich) 2 kazimierski | ostrowiecki
26%
Będący miejscem urodzenia Fryderyka Chopina 1 sochaczewski
26%
Będący miejscem urodzenia Katarzyny II Wielkiej 1 Szczecin
26%
Posiadający miasto Cedynia 1 gryfiński
24%
Posiadający inną nazwę przed 2010 r., niż obecnie 1 karkonoski
24%
Leżący na terenie Poleskiego Parku Narodowego 3 łęczyński | parczewski | włodawski
24%
Posiadający tablice rejestracyjne WLS 1 łosicki
24%
W którym znajduje się jezioro Hańcza 1 suwalski
24%
Leżący w województwie łódzkim, posiadający najmniejsząliczbę mieszkań oddanych do użytkowania na 1000 mieszkańców (dwa powiaty mają remis, więc wystarczy, że wpiszesz jeden) 2 łowicki | łęczycki
23%
Leżący w województwie pomorskim, posiadający najmniejszą stopę bezrobocia rejestrowanego, nie będący miastem na prawach powiatu 1 kartuski
22%
Leżący na terenie Narwiańskiego Parku Narodowego 2 łomżyński | zamojski
22%
Zamieszkujący więcej niż 300 tysięcy mieszkańców, nie będący miastem na prawach powiatu 1 poznański
21%
Leżący w województwie świętokrzyskim, posiadający najmniejszy przyrost naturalny 1 skarżyski
20%
Posiadający najbardziej na zachód wysunięty punkt w Polsce 1 gryfiński
19%
Posiadający zamek Krzyżtopór 1 opatowski
19%
Będący najmniej zaludnionym miastem na prawach powiatu 1 Sopot
19%
Posiadający trzy gminy 8 bieszczadzki | gołdapski | milicki | obornicki | węgorzewski | wołowski |wolsztyński | wschowski
18%
Leżący w województwie świętokrzyskim, posiadający najmniejszą stopę bezrobocia rejestrowanego, nie będący miastem na prawach powiatu 1 buski
18%
Leżący w województwie pomorskim, posiadający najmniejmieszkań oddanych do użytku na 1000 zawartych małżeństw w 2021r. 1 bytowski
18%
Posiadający mniej niż -11,9% przyrostu rzeczywistego 5 hrubieszowski | bartoszycki | hajnowski | Chełm | łobeski
17%
Posiadający dziewiętnaście gmin 2 kielecki | bialski
17%
Będący najmniej ludnym w województwie lubelskim 1 parczewski
17%
Zamieszkujący więcej niż 400 tysięcy mieszkańców, nie będący miastem na prawach powiatu 1 poznański
17%
Będącym najmniejszym powiatem ziemskim pod względem powierzchni 1 bieruńsko-lędziński
16%
Zgadywany tylko przez 16% użytkowników w quizie "Wszystkie powiaty wPolsce na mapie" 7 choszczeński | radziejowski | sępoleński | strzelecko-drezdenecki |strzyżowski | sulęciński | wąbrzeski
16%
W którym znajduje się jezioro Medwie 1 stargardzki
16%
Będący jednym z dwóch powiatów grodzkich, zgadywanym najrzadziej w quizie "Wszystkie powiaty w Polsce na mapie" 2 Świętochłowice | Piekary Śląskie
16%
Posiadający kopalnie węgla kamiennego, której właścicielem jest Weglokoks SA 2 Piekary Śląskie | Bytom
15%
Leżący w województwie łódzkim, posiadający największą powierzchnię obszarów o szczególnych walorach przyrodniczychprawnie chronionych w 2023r. 1 radomszczański
14%
Będący miejscem urodzenia prezydenta III RP, nie będący miastem na prawach powiatu 3 suski | białogardzki | lipnowski | trzebnicki
14%
Leżący na terenie Parku Krajobrazowego im. gen. Dezyderego Chłapowskiego 2 kościański | śremski
13%
Leżący na terenie Stobrawskiego Parku Krajobrazowego 4 opolski | kluczborski | brzeski | namysłowski
13%
Leżący w województwie wielkopolskim, posiadający najmniejszą gęstość zaludnienia 1 złotowski
13%
Posiadający miasto na literę Ć 1 ostrowiecki
12%
Leżący w województwie łódzkim, posiadający najwięcej kmutwardzonych dróg gminnych i powiatowych na 100km² 1 kutnowski
11%
Leżący w województwie pomorskim, posiadający najmniejstwierdzonych przestępstw przez policje na 1000 mieszkańców w 2021r. 1 człuchowski
10%
Leżący w województwie wielkopolskim, posiadający najmniejszą średnią miesięczną wynagrodzenie 1 koniński
10%
Będący miejscem urodzenia Mistrzów Świata w siatkówce mężczyzn w 2018r., nie będący miastem na prawach powiatu 8 żyradowski | świecki | lęborski | milicki | wałecki | jaworski | giżycki | częstochowski
9%
Posiadający kopalnie węgla kamiennego,której właścicielem jest Przedsiębiorstwo Górnicze Silesia 1 bielski
8%
Leżący w województwie wielkopolskim, posiadające najmniejsze dochody budżetu w 2018r. 1 chodzieski
8%
Leżący w województwie łódzkim, posiadający największąliczbę mieszkań oddanych do użytkowania na 1000 mieszkańców 1 wieruszowski
8%
Leżący w województwie wielkopolskim, posiadający największą ilość mieszkań oddanych do użytku w 2021r. na 1000 mieszkańców 1 leszczyński
6%
Leżący na terenie Dłubiańskiego Parku Krajobrazowego 3 miechowski | olkuski | krakowski
5%
Posiadający kopalnie węgla kamiennego,której właścicielem jest Południowy Koncern Węglowy 3 chrzanowski | Jaworzno | oświęcimski
2%
Leżący w województwie wielkopolskim, wydający najmniej z budżetu powiatu w 2018r. 1 grodziski
2%
Posiadający klub, który wygrał najwięcej razy piłkarską II ligę (od sezonu 08/09) 1 kluczborski
0%
Posiadający najmniejszą gęstość zaludnienia nie leżący w województwiepodkarpackim bądź podlaskim 1 sulęciński
0%
Nie znaleziono quizów pasujących do podanych kryteriów
Rozkład punktacji
Procent ludzi z każdym wynikiem
Percentyl według liczby udzielonych odpowiedzi
Twoja historia wyników
Nie rozwiązałeś tego quizu od ostatniego zresetowania